| 000 | 00393cam a22001337a 4500 | ||
|---|---|---|---|
| 008 | 180718b1963 xxu||||| |||| 00| 0 eng d | ||
| 082 | _aA99 T129/K527 | ||
| 100 | _aKhanolkar, G.D. | ||
| 245 |
_aLute and the plough: a life of Rabindranath Tagore _cby G.D. Khanolkar |
||
| 260 |
_aBombay _bBk. Centre _c1963 |
||
| 300 | _a376p. | ||
| 500 | _aRs.24.00 | ||
| 650 | _aTagore, Rabindranath, 1861-1941 | ||
| 999 |
_c369149 _d369149 |
||